| 000 | 01723nam a2200325 a 4500 | ||
|---|---|---|---|
| 001 | BRCA_8664 | ||
| 005 | 20190320210348.0 | ||
| 008 | 291116s1855----mx-a######---#000-0#spa-# | ||
| 041 | _aspa | ||
| 044 | _amx | ||
| 050 | 4 |
_aF1215 _b.D43 _c1855-1857 |
|
| 100 | 1 |
_aDecaen _921618 |
|
| 245 | 1 | 0 |
_aMéxico y sus alrededores _bcoleccion de monumentos, trajes y paisajes _cBajo la dirección de Decaen; dibujados al natural y litografiados por los artistas mexicanos C. Castro, J. Campillo, L. Auda, G. Rodríguez. |
| 260 |
_aMéxico _bEjecutado en el establecimiento Litog. de Decaen _c1855-1856 |
||
| 300 |
_a35 p. _bil. _c47 cm |
||
| 500 | _aFondo antiguo | ||
| 500 | _aSe encuentra en Caja Fuerte | ||
| 500 | _aW-22/B-95/R-32 | ||
| 500 | _aLos articulos descriptivos son de los señores: D. Marcos Arronis, D. José T. de Cuellar, D. Florencio M. del Castillo, D. Hilarion Fias y Soto, D. Francisco González Bocanegra, D. J. M. González, D. Luis Ortíz, D. Manuel Orozco y Berra, D. Manuel Payno, D. Anselmo de la Portilla, D. José Fernando Ramírez, D. Luis de la Rosa, D. Vicente Segura Argüelles, D. Francisco Zarco y D. Nicieto de Zamacois | ||
| 500 | _aIncluye 37 láminas a color y 1 plano de la Ciudad de México | ||
| 500 | _aEstado físico: ejemplar en hojas sueltas | ||
| 500 | _aNota de encuadernación: en tela sobre cartón, deteriorada desprendida del lomo y tapas | ||
| 506 | 0 |
_aFondo reservado: para su consulta es necesario credencial de usuario y carta de motivos _xDescripción y viajes _zMéxico |
|
| 700 | 1 |
_aCastro, C. _eil. _911049 |
|
| 700 | 1 |
_aRodríguez, G. _eil. _921619 |
|
| 700 | 1 |
_aCampillo, J. _eil. _921620 |
|
| 700 | 1 |
_aAuda, L. _eil. _921621 |
|
| 902 | _aLAR | ||
| 942 |
_2lcc _cB |
||
| 999 |
_c8323 _d8323 |
||